Max Verstappen: Vervollständige - Statistiken

Allgemein
  • Dieses Quiz wurde 135 mal gespielt
    103 seit der letzten Aktualisierung
  • Das Durchschnittsergebnis liegt bei 6 aus 10
Antwortstatistiken
Frage Antwort % Korrekt
Er war ?, ?, ? und ? Weltmeister. 2021, 2022, 2023 und 2024
88%
Er fährt für die Niederlande und ist in ? Geboren. Belgien
85%
Sein Geburtstag ist der 30. September ?. 1997
83%
Sein erster Formel 1 Start war in ? im Jahre ?. Australien / 2015
78%
Sein voller Name ist Max ? Verstappen Max Emilian Verstappen
75%
Mit ? Siegen in einer Saison stellte er einen Rekord auf. (2023) 19
73%
Er fährt seit ? für RedBull Racing. 2016
60%
Er wurde ? Kart-Weltmeister. 2013
40%
Mit ? Punkten in einer Saison stellte er einen Rekord auf. (2023) 575
23%
Mit 17 Jahren und ? Tagen war er der jüngste Fahrer bei einem Debüt-Rennen. 17 Jahre 166 Tage
15%
Keine übereinstimmenden Quizze gefunden
Verteilung der Resultate
Anzahl Personen mit jedem Resultat
Perzentil nach korrekt beantworteten Fragen
Ihre Resultats-Entwicklung
Sie haben dieses Quiz seit der letzten Aktualisierung nicht gespielt